[Event "Revanche Internacional"]
[Site "http://www.queenalice.com/game.php?id=706389"]
[Date "2009.12.31"]
[Round "-"]
[White "tio_revas"]
[Black "emanuelmad"]
[Result "0-1"]
[WhiteElo "1362"]
[BlackElo "1368"]

1. e4 e6 2. d4 Nf6 3. e5 Ng8 4. Nf3 Nc6 5. Bg5 Be7 6. Bb5 Bxg5 7. Nxg5 Qxg5 8.
Qd2 Qxg2 9. Rf1 Qe4+ 10. Kd1 Nxd4 11. Nc3 Qg4+ 12. f3 Qh4 13. f4 Qg4+ 14. Kc1
Nf5 15. Rd1 Nge7 16. Bxd7+ Bxd7 17. Qxd7+ Kf8 18. Qxc7 Qxf4+ 19. Kb1 g6 20. Qxb7
Rc8 21. a4 Qxe5 22. a5 Rc7 23. h4 Rxb7 24. a6 Rb4 25. Rd8+ Kg7 26. Rd7 Qe1+ 27.
Ka2 Qe5 28. Rxa7 Qa5+ 29. Kb1 Qb6 30. Na4 Qxa7 31. c3 Rxh4 32. Ra3 Qxa6 33. Nc5
Qf1+ 34. Ka2 Qc4+ 35. Nb3 Rh2 36. Ra5 Ne3 37. Ra7 Nc6 38. Rc7 Qe2 39. Ka3 Qxb2+
40. Ka4 Ra8+ 41. Ra7 Rxa7+ 42. Kb5 Qxb3+ 43. Kxc6 Ra6+ 44. Kc7 Qxc3+ 45. Kd8 Ra7
46. Ke8 Qc8# 0-1

[Event "Leão da Caatinga x Leão dos Ba"]
[Site "http://www.queenalice.com/game.php?id=706401"]
[Date "2009.12.31"]
[Round "-"]
[White "tio_revas"]
[Black "emanuelmad"]
[Result "0-1"]
[WhiteElo "1263"]
[BlackElo "1499"]

1. d4 e6 2. c4 b6 3. Nf3 Ba6 4. Na3 Qf6 5. Bg5 Qf5 6. e3 Qa5+ 7. Nd2 Qxg5 8. Nf3
Qf5 9. Bd3 Qf6 10. e4 Nh6 11. e5 Qf4 12. g3 Qg4 13. h3 Qh5 14. g4 Nxg4 15. h4 g6
16. Ng5 h6 17. f3 Ne3 18. Qe2 Nf5 19. Ne4 Nxd4 20. Qd1 Bb4+ 21. Kf1 Nbc6 22.
Nf6+ Kd8 23. Nxh5 gxh5 24. Qa4 Bxa3 25. bxa3 Bb7 26. Rg1 Nxe5 27. Be4 Bxe4 28.
fxe4 Ndf3 29. Rg3 Nxh4 30. Qa6 Ng4 31. Qb7 Ke7 32. Qxc7 Rac8 33. Qxa7 Rxc4 34.
Qxb6 Rxe4 35. Qc5+ Kf6 36. Re1 Rf4+ 37. Kg1 Nf3+ 38. Kf1 Nxe1+ 39. Kxe1 Rb8 40.
Qc3+ Ke7 41. Rf3 Rf6 42. Rxf6 Nxf6 43. Qc5+ Ke8 44. a4 Rb1+ 45. Kd2 Ne4+ 0-1

[Event "Challenge"]
[Site "http://www.queenalice.com/game.php?id=707567"]
[Date "2010.1.2"]
[Round "-"]
[White "nadigo"]
[Black "emanuelmad"]
[Result "1-0"]
[WhiteElo "1737"]
[BlackElo "1480"]

1. e4 e6 2. Bc4 Qf6 3. Nc3 Bc5 4. Nf3 Qg6 5. d4 Bb4 6. Be3 Qxg2 7. Rg1 Qh3 8.
Rg3 Qh5 9. Rxg7 Nf6 10. Rg5 Qh6 11. Rg8+ Rxg8 12. Bxh6 Nxe4 13. Qd3 Nf6 14. Bg5
Rg6 15. a3 Bd6 16. Bh4 b6 17. Ne4 Nd5 18. Nxd6+ cxd6 19. Bg3 Nc6 20. Bxd6 Nf6
21. Bb5 Na5 22. b4 Nb7 23. Be5 Nd5 24. c4 Ne7 25. Ba6 Nd8 26. Qe4 Nec6 27. Bxc8
Rxc8 28. Bg3 Ne7 29. Bd6 Rxc4 30. Bxe7 Nc6 31. Bd6 Ne7 32. Qd3 Rc6 33. Bxe7 Kxe7
34. h4 Rh6 35. d5 exd5 36. Qxd5 Rcd6 37. Qb7 Rhe6+ 38. Kf1 Rd2 39. Nxd2 Rc6 40.
Qxa7 Rd6 41. Rd1 h5 42. a4 b5 43. axb5 f6 44. b6 1-0

[Event "Challenge"]
[Site "http://www.queenalice.com/game.php?id=707568"]
[Date "2010.1.2"]
[Round "-"]
[White "emanuelmad"]
[Black "nadigo"]
[Result "1-0"]
[WhiteElo "1468"]
[BlackElo "1743"]

1. e3 e5 2. Qf3 Bc5 3. Bc4 Nf6 4. Qg3 O-O 5. Nf3 e4 6. Ng5 d5 7. Bb5 Bd6 8. f4
Nh5 9. Qh4 Nf6 10. O-O h6 11. Nh3 c6 12. Be2 Bf5 13. a4 Nbd7 14. Nc3 Qa5 15. Nd1
Nc5 16. b3 b5 17. Nc3 bxa4 18. bxa4 Rfb8 19. Ba3 Rb7 20. Rad1 Be7 21. Rb1 Nh7
22. Qg3 Rbb8 23. Rbd1 Qc7 24. Bh5 Nf6 25. Be2 Nxa4 26. Bxe7 Nxc3 27. dxc3 Qxe7
28. c4 Qc5 29. Ra1 d4 30. exd4 Qxd4+ 31. Nf2 e3 32. Nd3 Nh5 33. Bxh5 e2+ 34. Qf2
exf1=Q+ 35. Rxf1 Qxc4 36. Ne5 Qc3 37. Bxf7+ Kh7 38. Qg3 Qc4 39. Bxc4 Bxc2 40.
Rc1 Ba4 41. Qg6+ Kh8 42. f5 Rf8 43. Rf1 Rad8 44. Nf7+ Rxf7 45. Qxf7 Bc2 46. f6
gxf6 47. Qxf6+ Kh7 48. Qxd8 Kg6 49. Qg8+ Kh5 50. Be2+ Kh4 51. Rf4# 1-0

[Event "Mantendo a forma"]
[Site "http://www.queenalice.com/game.php?id=710327"]
[Date "2010.1.8"]
[Round "-"]
[White "emanuelmad"]
[Black "tio_revas"]
[Result "0-1"]
[WhiteElo "1540"]
[BlackElo "1281"]

1. e3 e5 2. Qf3 d5 3. Qg3 Nc6 4. Bb5 Bb4 5. Nc3 a6 6. Ba4 Nf6 7. Nb1 Ne4 8. Qf3
O-O 9. Nh3 h6 10. O-O f5 11. c3 Bc5 12. b4 Bb6 13. Ba3 Ne7 14. b5 c5 15. bxa6
Rxa6 16. Bb5 Ra5 17. Bd3 c4 18. Bc2 Bc5 19. Bb4 Ra6 20. a4 Nc6 21. Rd1 Bxb4 22.
cxb4 Nxb4 23. Na3 g5 24. Qh5 g4 25. f3 gxh3 26. Qxh3 Ng5 27. Qh4 Bd7 28. Rdc1
Nxf3+ 29. gxf3 Qxh4 30. Rf1 Qh3 31. Rab1 Rg6+ 32. Kh1 Qg2# 0-1

[Event "A saga continua..."]
[Site "http://www.queenalice.com/game.php?id=715427"]
[Date "2010.1.17"]
[Round "-"]
[White "tio_revas"]
[Black "emanuelmad"]
[Result "0-1"]
[WhiteElo "1364"]
[BlackElo "1361"]

1. e4 a5 2. b3 h5 3. d4 e6 4. e5 Nc6 5. Nh3 d5 6. exd6 Qxd6 7. c3 g6 8. Bf4 Qd8
9. Bb5 Bd7 10. O-O Na7 11. Ba4 Nc6 12. d5 exd5 13. Re1+ Be7 14. Qxd5 Nf6 15. Qf3
Bg4 16. Bxc6+ bxc6 17. Qxc6+ Bd7 18. Qxf6 Rh7 19. Bg5 Be6 20. Qf3 Qd2 21. Qxa8+
Qd8 22. Qxa5 h4 23. Bxe7 Qxe7 24. Na3 Rh5 25. Qa4+ Kf8 26. g4 hxg3 27. Qa8+ Qe8
28. Qg2 Rxh3 29. hxg3 Qd7 30. Rad1 Qe7 31. Qa8+ Kg7 32. Re4 Qc5 33. Re3 Qh5 34.
Ree1 Bg4 35. Rd8 Bf3 36. Rg8+ Kf6 37. Qa6+ c6 38. Qxc6+ Bxc6 39. Kf1 Rh1# 0-1

[Event "Challenge"]
[Site "http://www.queenalice.com/game.php?id=717692"]
[Date "2010.1.21"]
[Round "-"]
[White "babycrocket"]
[Black "emanuelmad"]
[Result "1-0"]
[WhiteElo "1521"]
[BlackElo "1408"]

1. e4 a5 2. Nf3 h5 3. d3 g6 4. c3 b6 5. Nbd2 e6 6. Qc2 Nc6 7. a4 Ne5 8. Nxe5 Qf6
9. Nef3 g5 10. h4 gxh4 11. Nxh4 Nh6 12. Ndf3 Ba6 13. Be3 O-O-O 14. Bd4 Qe7 15.
Bxh8 Qd6 16. Be5 Qc5 17. d4 Qe7 18. Bxa6+ Kb8 19. Bf4 Bg7 20. O-O-O Ng4 21. e5
d5 22. Bg5 f6 23. exf6 Bxf6 24. Ng6 Qh7 25. Bxf6 Nxf6 26. Bd3 Qh6+ 27. Kb1 Ng4
28. Nge5 Rf8 29. Nd7+ 1-0

[Event "Challenge"]
[Site "http://www.queenalice.com/game.php?id=717857"]
[Date "2010.1.21"]
[Round "-"]
[White "emanuelmad"]
[Black "babycrocket"]
[Result "0-1"]
[WhiteElo "1418"]
[BlackElo "1665"]

1. d4 d5 2. e3 e6 3. Nh3 Nf6 4. Nf4 Bd6 5. Bd3 c5 6. c3 Nc6 7. Na3 a6 8. O-O Qb6
9. Qf3 O-O 10. Rb1 Re8 11. Re1 Bd7 12. Nc2 cxd4 13. cxd4 Re7 14. b3 Rae8 15. Nh5
Nxh5 16. Qxh5 g6 17. Qf3 e5 18. Bb2 e4 19. Qe2 exd3 20. Qxd3 Nb4 21. Nxb4 Bf5
22. Qe2 Bxb4 23. Rbc1 Bxe1 24. Qxe1 h5 25. Ba3 Re6 26. Qb4 Qxb4 27. Bxb4 Rc6 28.
Re1 Rc2 29. h3 Rxa2 30. Rb1 Bxb1 0-1

[Event "4 x 1 para o estado de PE"]
[Site "http://www.queenalice.com/game.php?id=718254"]
[Date "2010.1.22"]
[Round "-"]
[White "emanuelmad"]
[Black "tio_revas"]
[Result "1-0"]
[WhiteElo "1399"]
[BlackElo "1289"]

1. e4 e5 2. g3 d5 3. d3 d4 4. Nf3 Nc6 5. Na3 f6 6. Nh4 g5 7. Qh5+ Kd7 8. Nf5
Nge7 9. Bh3 Nb4 10. O-O b6 11. Nb5 c6 12. Nbd6 Nxf5 13. Bxf5+ Kxd6 14. Bxc8 Rxc8
15. Bd2 c5 16. a3 Nc6 17. b4 Kc7 18. b5 Ne7 19. Qf7 Qd7 20. a4 Ng8 21. Qb3 h5
22. a5 h4 23. axb6+ axb6 24. Ra7+ Kd8 25. Rxd7+ Kxd7 26. Ra1 Ne7 27. Ra7+ Ke8
28. Qe6 Rd8 29. g4 h3 30. f3 Rh6 31. Qxb6 Kf7 32. Qxd8 f5 33. Bxg5 Re6 34. exf5
1-0

[Event "Challenge"]
[Site "http://www.queenalice.com/game.php?id=719311"]
[Date "2010.1.24"]
[Round "-"]
[White "tio_revas"]
[Black "emanuelmad"]
[Result "1-0"]
[WhiteElo "1263"]
[BlackElo "1431"]

1. e4 c5 2. a3 e6 3. e5 Nc6 4. b4 b6 5. b5 Nxe5 6. f4 Ng6 7. Qf3 d5 8. Bb2 Bd6
9. Bxg7 Nh6 10. Bxh8 Nxh8 11. Nh3 Ng6 12. Bd3 Qf6 13. g3 Nf5 14. Bxf5 Qxf5 15.
Ng5 Bb7 16. d3 O-O-O 17. Nxf7 Qxf7 18. h4 Qf6 19. c3 d4 20. Qf1 dxc3 21. Rh2 c2
22. Rxc2 Qxa1 23. Rc1 Qa2 24. h5 Ne7 25. Nc3 Qb2 26. Kd1 Nf5 27. Qe2 Qb3+ 28.
Ke1 Re8 29. Ne4 Bxe4 30. Qxe4 Qxb5 31. g4 Nd4 32. Qxd4 Rd8 33. Qc4 Qa5+ 34. Ke2
Qxa3 35. Qxe6+ Kb8 36. Qc4 Re8+ 37. Kf3 Qb2 38. Rc2 Qf6 39. Re2 Rd8 40. f5 Qh4
41. Ke3 Re8+ 42. Kd2 Rd8 43. Rg2 Qh1 44. Re2 Qf1 45. Re4 Qg2+ 46. Re2 Qf1 47.
Re4 Qa1 48. Qc3 Qxc3+ 49. Kxc3 a5 50. g5 b5 51. g6 hxg6 52. hxg6 Rg8 53. d4 a4
54. dxc5 Bxc5 55. Rg4 Be7 56. Re4 Rc8+ 57. Kd3 Bf6 58. Re6 Bg7 59. f6 Bxf6 60.
Rxf6 Kb7 61. g7 Rg8 62. Rg6 a3 63. Kc2 b4 64. Kb3 Kc7 65. Rg2 a2 66. Kxa2 Rxg7
67. Rxg7+ Kc6 68. Kb3 Kc5 69. Rg5+ Kd4 70. Rg8 Kc5 71. Rd8 Kb5 72. Rd5+ Kc6 73.
Rd4 Kc5 74. Rd2 Kb5 75. Rc2 Ka5 76. Rc5+ Kb6 77. Kxb4 Kb7 78. Kb5 Ka7 79. Rc7+
Ka8 80. Kc6 Kb8 81. Re7 Ka8 82. Kb6 Kb8 83. Re8# 1-0

[Event "Challenge"]
[Site "http://www.queenalice.com/game.php?id=723484"]
[Date "2010.1.31"]
[Round "-"]
[White "eleden"]
[Black "emanuelmad"]
[Result "1-0"]
[WhiteElo "1482"]
[BlackElo "1520"]

1. Nf3 e6 2. d4 Nc6 3. Bf4 f5 4. e3 g6 5. Ne5 Nh6 6. Bb5 Nb8 7. c4 c6 8. Ba4 Qb6
9. Bb3 Na6 10. Nc3 Be7 11. Bxh6 Nb4 12. c5 Qc7 13. a3 Nd5 14. Nxd5 Qd8 15. Nxe7
Qxe7 16. O-O Qh4 17. Bf4 b5 18. Nf3 Qd8 19. Re1 Qa5 20. Bd6 b4 21. Ne5 bxa3 22.
Rxa3 Qb4 23. Nd3 Qb5 24. Ba4 Qa5 25. Bxc6 Qb6 26. cxb6 axb6 27. Rxa8 Kd8 28. Qa4
Re8 29. Bxd7 Rg8 30. Rxc8# 1-0

[Event "Challenge"]
[Site "http://www.queenalice.com/game.php?id=723977"]
[Date "2010.2.1"]
[Round "-"]
[White "colatina"]
[Black "emanuelmad"]
[Result "1-0"]
[WhiteElo "1631"]
[BlackElo "1489"]

1. e4 c5 2. c4 d6 3. Nc3 Nf6 4. f4 g6 5. Nf3 Bh6 6. d4 b6 7. h3 Na6 8. g4 Nb4 9.
g5 Bg7 10. gxf6 Bxf6 11. e5 dxe5 12. fxe5 Bg7 13. dxc5 bxc5 14. Qxd8+ Kxd8 15.
Bd3 Nxd3+ 16. Kd2 Nf4 17. Kc2 Bf5+ 18. Kd1 Ke8 19. Bxf4 Rd8+ 20. Ke2 h5 21. h4
Bg4 22. Nd5 f6 23. Rad1 fxe5 24. Nc7+ Kf7 25. Rxd8 Rxd8 26. Bg5 e4 27. Nd5 Bxf3+
28. Ke3 Bxh1 29. Bxe7 Rd7 30. Bxc5 Bxb2 31. a4 Bc1+ 32. Kf2 g5 33. hxg5 Kg6 34.
a5 h4 35. Ke2 Kxg5 36. Be7+ Kf5 37. Bxh4 Rc7 38. Nxc7 Bf3+ 39. Kf1 e3 40. a6 Bd2
41. Be1 Kg4 42. Nd5 Kf5 43. Ne7+ Ke5 44. Nc6+ Kd6 45. Nxa7 Kc7 46. Nb5+ Kb8 47.
c5 Bc6 48. Bg3+ Ka8 49. Nd4 Ba4 50. c6 Bd1 51. c7 e2+ 52. Nxe2 Bg5 53. c8=Q+ Ka7
54. Bf2+ 1-0

[Event "Challenge"]
[Site "http://www.queenalice.com/game.php?id=724374"]
[Date "2010.2.2"]
[Round "-"]
[White "nadigo"]
[Black "emanuelmad"]
[Result "1-0"]
[WhiteElo "1745"]
[BlackElo "1418"]

1. d4 b5 2. e4 c6 3. Nf3 Nf6 4. Bf4 Na6 5. Nc3 e6 6. h3 Bb4 7. a3 Ba5 8. b4 Bb6
9. g4 Bb7 10. Bd3 Ng8 11. Be5 f6 12. Bd6 Nh6 13. Bf4 O-O 14. e5 fxe5 15. Bxe5
Bc7 16. g5 Nf5 17. h4 g6 18. Ne4 Bxe5 19. dxe5 h5 20. c3 Nc7 21. Nf6+ Kg7 22.
Be2 Nd5 23. Nxd5 cxd5 24. Bxb5 Bc6 25. Ba6 Qb8 26. a4 Qc7 27. Qd3 Rab8 28. b5
Bb7 29. Bxb7 Qxb7 30. Rb1 Qb6 31. Ra1 Ra8 32. a5 Qc5 33. c4 Qxc4 34. Qxc4 dxc4
35. Rc1 Rfc8 36. Nd2 c3 37. Nb3 c2 38. Kd2 d5 39. Na1 Nd4 40. Kd3 Nxb5 41. Nxc2
Rc3+ 42. Kd2 Rd8 43. Rb1 a6 44. Rxb5 Rxc2+ 45. Kxc2 axb5 46. a6 Ra8 47. Ra1 Kf7
48. Kb3 d4 49. Kb4 d3 50. Kxb5 d2 51. Rd1 Rb8+ 52. Ka5 Rb2 53. a7 Ra2+ 54. Kb6
Ke7 55. Kb7 Kd7 56. a8=Q Rxa8 57. Rxd2+ Ke7 58. Kxa8 Ke8 59. Kb7 Ke7 60. Kc7 Ke8
61. Rd7 Kf8 62. Kd6 Ke8 63. Kxe6 Kf8 64. Kd6 Ke8 65. e6 Kf8 66. e7+ Ke8 67. Rd8+
Kf7 68. e8=Q+ Kg7 69. Qe7# 1-0

[Event "Challenge"]
[Site "http://www.queenalice.com/game.php?id=724375"]
[Date "2010.2.2"]
[Round "-"]
[White "emanuelmad"]
[Black "nadigo"]
[Result "0-1"]
[WhiteElo "1421"]
[BlackElo "1742"]

1. e4 Nf6 2. d3 e5 3. Nc3 Nc6 4. Bg5 Bb4 5. a3 Bxc3+ 6. bxc3 d5 7. exd5 Qxd5 8.
c4 Qd4 9. Nf3 Qc3+ 10. Bd2 Qb2 11. Qb1 Qxb1+ 12. Rxb1 b6 13. Be2 O-O 14. O-O e4
15. dxe4 Nxe4 16. Bf4 Bg4 17. Rbd1 Nc3 18. Rd2 Ne4 19. Rd5 Ne7 20. Re5 Nc3 21.
Re1 Ng6 22. Rg5 Nxf4 23. Rxg4 Nfxe2+ 24. Kh1 f5 25. Rf4 Nxf4 26. g3 Nh5 27. Re3
Nd1 28. Re2 Rae8 29. Rd2 Nc3 30. Kg2 f4 31. gxf4 Ne4 32. Re2 Nxf4+ 33. Kf1 Nxe2
34. Kxe2 Nc3+ 35. Kd3 Rxf3+ 36. Kd2 Ne4+ 37. Ke2 Rxf2+ 38. Ke3 Kf7 39. h4 Kf6
40. c3 Kf5 41. c5 g5 42. hxg5 Rd8 43. g6 hxg6 44. cxb6 cxb6 45. a4 Rc8 46. Kd4
Kf4 47. c4 Rd8# 0-1

[Event "Challenge"]
[Site "http://www.queenalice.com/game.php?id=724874"]
[Date "2010.2.2"]
[Round "-"]
[White "eleden"]
[Black "emanuelmad"]
[Result "1-0"]
[WhiteElo "1532"]
[BlackElo "1472"]

1. d4 e6 2. Bf4 b5 3. e3 d6 4. Nf3 a6 5. c4 c6 6. Nc3 Bd7 7. Bd3 h6 8. O-O g5 9.
Bg3 g4 10. Nh4 h5 11. Qc2 Nf6 12. cxb5 axb5 13. b4 Na6 14. a3 Bh6 15. Bxd6 Ng8
16. Ne4 Qxh4 17. Be5 f6 18. Bg3 Bg5 19. Bxh4 Bxh4 20. Nd6+ Kd8 21. Nf7+ Ke8 22.
Nxh8 Nh6 23. Be2 Ke7 24. Qh7+ Kd6 25. Qxh6 Bg5 26. Nf7+ 1-0

[Event "Challenge"]
[Site "http://www.queenalice.com/game.php?id=725603"]
[Date "2010.2.4"]
[Round "-"]
[White "eleden"]
[Black "emanuelmad"]
[Result "1-0"]
[WhiteElo "1527"]
[BlackElo "1450"]

1. d4 e6 2. Bf4 Nc6 3. e4 g5 4. Be3 Bh6 5. d5 Nb4 6. Qd2 a5 7. c4 b6 8. a3 Na6
9. Nf3 Bb7 10. Bxg5 Bxg5 11. Nxg5 Nh6 12. Nxf7 Nxf7 13. Be2 h5 14. Nc3 Qe7 15.
Qf4 O-O-O 16. Nb5 Nd6 17. O-O exd5 18. cxd5 Nxb5 19. Bxb5 Nc5 20. f3 Rdf8 21.
Qe3 h4 22. h3 Rhg8 23. Rac1 d6 24. Qe2 Qe5 25. Rc3 Rf7 26. Qe3 Qg3 27. Rf2 Rfg7
28. Bf1 Nd7 29. f4 Qxe3 30. Rxe3 Re7 31. Kh2 Rgg7 32. g4 hxg3+ 33. Rxg3 Rxg3 34.
Kxg3 Rg7+ 35. Kf3 Nf6 36. b4 axb4 37. axb4 Nh5 38. Rg2 Rf7 39. f5 Kb8 40. Bb5
Bc8 41. Rg8 c5 42. bxc5 dxc5 43. Ke2 Nf4+ 44. Kd2 Nxh3 45. Ba6 Rc7 46. f6 Rb7
47. f7 Rxf7 48. Bxc8 Nf4 49. Be6+ Kc7 50. Bxf7 c4 51. d6+ Kxd6 52. Bxc4 Kc7 53.
e5 Kc6 54. Rf8 Nh3 55. Rf6+ Kc5 56. e6 Kxc4 57. e7 b5 58. e8=Q b4 59. Qc8+ 1-0

[Event "Challenge"]
[Site "http://www.queenalice.com/game.php?id=727888"]
[Date "2010.2.8"]
[Round "-"]
[White "lennygabin"]
[Black "emanuelmad"]
[Result "0-1"]
[WhiteElo "1531"]
[BlackElo "1374"]

1. e4 c5 2. d4 b6 3. Nf3 e6 4. d5 Bb7 5. c4 Ba6 6. Ng5 Nh6 7. Qf3 f6 8. Nh3 e5
9. Qh5+ g6 10. Qh4 d6 11. Bxh6 Bxh6 12. Qxh6 Qe7 13. Nc3 Nd7 14. Nb5 O-O-O 15.
Nxa7+ Kb7 16. Nb5 Ra8 17. Bd3 Kb8 18. O-O Bxb5 19. cxb5 Ra4 20. Qc1 Qd8 21. b3
Ra7 22. Qd1 h5 23. f4 Rg8 24. fxe5 Nxe5 25. Bc2 Rh8 26. Nf4 g5 27. Ne6 Qd7 28.
Rxf6 Ng4 29. Rg6 Qf7 30. Rxg5 Qf2+ 31. Kh1 Qh4 32. Rxg4 hxg4 33. Kg1 Rf7 34. h3
Qf2+ 35. Kh1 gxh3 36. Qg1 hxg2# 0-1

[Event "Challenge"]
[Site "http://www.queenalice.com/game.php?id=728571"]
[Date "2010.2.8"]
[Round "-"]
[White "emanuelmad"]
[Black "tio_revas"]
[Result "0-1"]
[WhiteElo "1400"]
[BlackElo "1318"]

1. e4 e5 2. c4 Bc5 3. Nh3 h6 4. b3 Nf6 5. d3 Nc6 6. Qf3 Nd4 7. Qd1 Bb4+ 8. Bd2
Qe7 9. a4 a5 10. Bxb4 axb4 11. Nd2 h5 12. Qc1 c5 13. a5 Ng4 14. f3 Ne3 15. Kf2
Ng4+ 16. Kg1 Ne3 17. Ra4 d6 18. Qe1 Nec2 19. Qg3 Bxh3 20. Qxh3 Qg5 21. f4 Qxf4
22. g4 Ne1 23. Ra2 Nef3+ 24. Nxf3 Nxf3+ 25. Kg2 Ne1+ 26. Kg1 Rh6 27. Qg3 h4 28.
Qxe1 Qxg4+ 29. Rg2 Qf3 30. Rxg7 Rg6+ 31. Rxg6 fxg6 32. Qf2 Qg4+ 33. Qg2 Qh5 34.
h3 Rxa5 35. Rh2 Ra3 36. Kh1 Rxb3 37. Qg1 Kf7 38. Rf2+ Kg7 39. Rf5 Qh6 40. Qg5
Qxg5 41. Rxg5 Rb2 42. Rg1 b3 43. Bg2 Rd2 44. Rb1 b2 45. Bf1 Kf6 46. Bg2 Kg5 47.
Rf1 Rxd3 48. Rg1 Rc3 49. Rb1 Rc2 50. Bf1 Kf4 51. Bd3 Rd2 52. Bf1 Kxe4 53. Bg2+
Kd4 54. Bxb7 Kxc4 55. Be4 g5 56. Rg1 d5 57. Bh7 Kb3 58. Rxg5 e4 59. Rg1 c4 60.
Re1 c3 61. Kg1 c2 62. Re3+ Ka2 63. Kf1 c1=Q+ 64. Re1 Qxe1+ 65. Kxe1 Rh2 66. Kd1
b1=R# 0-1

[Event "Desafio internacional"]
[Site "http://www.queenalice.com/game.php?id=729405"]
[Date "2010.2.10"]
[Round "-"]
[White "tio_revas"]
[Black "emanuelmad"]
[Result "0-1"]
[WhiteElo "1309"]
[BlackElo "1408"]

1. e4 e6 2. Nc3 Nh6 3. Nf3 Na6 4. Ne5 f6 5. Nf3 Bc5 6. d4 Bb4 7. a3 Bd6 8. Bc4
Ng4 9. h3 Nh6 10. Bd2 O-O 11. Bxh6 gxh6 12. Nh4 Kf7 13. Qh5+ Ke7 14. Qxh6 Qe8
15. Qxh7+ Kd8 16. O-O-O b6 17. g4 Rh8 18. Qg6 Rxh4 19. f3 Qxg6 20. Kb1 Qg5 21.
d5 exd5 22. Bxd5 Rb8 23. Ne2 Nc5 24. Nc3 Qe3 25. Rdf1 Ba6 26. Nd1 Qd2 27. Rf2
Qf4 28. Bf7 Na4 29. Bg8 Bc5 30. Nc3 Nxc3+ 31. bxc3 Bxf2 32. Rf1 Bxf1 33. a4 Rxh3
34. c4 Qxf3 35. Kb2 Bd4+ 36. Ka2 Bxc4+ 0-1

[Event "Challenge"]
[Site "http://www.queenalice.com/game.php?id=730289"]
[Date "2010.2.11"]
[Round "-"]
[White "emanuelmad"]
[Black "V_Spy"]
[Result "1-0"]
[WhiteElo "1402"]
[BlackElo "1434"]

1. e3 d5 2. d4 Nf6 3. b3 Bf5 4. Ba3 c6 5. Qf3 Bxc2 6. Nc3 a5 7. Rc1 Bg6 8. Na4
Bh5 9. Qh3 b5 10. Nc5 Qd6 11. Bd3 Na6 12. Nf3 h6 13. Ne5 Nxc5 14. Bxc5 Qb8 15.
O-O e6 16. Bxf8 Rxf8 17. Rxc6 a4 18. bxa4 bxa4 19. a3 Ke7 20. Rcc1 Qb2 21. Ra1
Rfc8 22. f3 Rc3 23. Qg3 Qd2 24. Rad1 Qxe3+ 25. Kh1 Rxa3 26. Bb5 Rb8 27. Nc6+ Kf8
28. Nxb8 Qb3 29. Bd3 Qxb8 30. Qxb8+ Ne8 31. Bb5 g5 32. Qxe8+ Kg7 33. g4 Bg6 34.
Rc1 Rb3 35. Rc8 Kf6 36. Qh8+ Ke7 37. Qd8# 1-0

[Event "Challenge"]
[Site "http://www.queenalice.com/game.php?id=735261"]
[Date "2010.2.21"]
[Round "-"]
[White "BrooklynBenjamin"]
[Black "emanuelmad"]
[Result "1-0"]
[WhiteElo "1506"]
[BlackElo "1423"]

1. c4 e5 2. Nc3 d6 3. g3 g6 4. Nf3 Bd7 5. d3 Na6 6. Bg5 f6 7. Be3 Nb4 8. a3 Na6
9. Bg2 c5 10. O-O b6 11. Nd2 Nh6 12. Bxa8 Qxa8 13. Nd5 Ng4 14. Nf3 Nc7 15. Nxc7+
Kd8 16. Nxa8 Bc6 17. Nxb6 axb6 18. b4 cxb4 19. axb4 Ke7 20. Bxb6 Ke6 21. d4 Bh6
22. d5+ Bxd5 23. cxd5+ Kf7 24. Ra7+ Kg8 25. Qc2 f5 26. Qc8+ Bf8 27. Qe6# 1-0